| Поле | Инд. | ПП | Название | Значение |
|---|---|---|---|---|
| Тип записи | a | |||
| Библиографический уровень | m | |||
| 001 | Контрольный номер | UNIDUBNA25084361ad754921b1cd41babc0c937a | ||
| 005 | Дата корректировки | 20260417153224.6 | ||
| 020 | a | ISBN | 5-89285-029-3 | |
| 040 | b | Код языка каталог. | rus | |
| 041 | 0_ | a | Код языка текста | rus |
| 084 | a | Индекс другой классификации/Индекс ББК | 83.0я43; 83.3(2)я43; 83.01я43 | |
| 090 | a | Полочн. индекс | 83.0я43 | |
| x | Авторский знак | Т 307 | ||
| 245 | 10 | a | Заглавие | Текст. Интертекст. Культура |
| b | Продолж. заглавия | сборник докладов: Материалы международной научной конференции (Москва, 4-7 апреля 2001) | ||
| c | Ответственность | РАН. Институт русского языка им. В. В. Виноградова; редколлегия: В. П. Григорьев, Н. А. Фатеева, Н. А. Николина [и др.] | ||
| 260 | a | Место издания | Москва | |
| b | Издательство | Азбуковник | ||
| c | Дата издания | 2001 | ||
| 300 | a | Объем | 192 с. | |
| 336 | a | Термин вида содержания | Текст | |
| 337 | a | Термин типа средства | непосредственный | |
| 504 | a | Библиография | Алф. указ.: с. 192 | |
| 505 | 0_ | a | Форматированное содержание | Идентификация и концептуализация в литературном тексте |
| b | Автор | Фарыно Е. | ||
| 505 | 0_ | a | Форматированное содержание | Еще раз о художественной словесной форме |
| b | Автор | Гинзбург Е. Л. | ||
| 505 | 0_ | a | Форматированное содержание | К изучению структуры текста |
| b | Автор | Золотова Г. А. | ||
| 505 | 0_ | a | Форматированное содержание | Идея субъективной перспективы высказывания и анализ художественного текста |
| b | Автор | Онипенко Н. К. | ||
| 505 | 0_ | a | Форматированное содержание | Аналитический минимум |
| b | Автор | Лукин В. А. | ||
| 505 | 0_ | a | Форматированное содержание | О текстовой компрессии |
| b | Автор | Гулова И. А. | ||
| 505 | 0_ | a | Форматированное содержание | Художественный текст как объект физиологической интерпретации |
| b | Автор | Чернейко Л. О. | ||
| 505 | 0_ | a | Форматированное содержание | Опыт универсальной ритмической типологии литературного текста: стих, проза и другое |
| b | Автор | Орлицкий Ю. Б. | ||
| 505 | 0_ | a | Форматированное содержание | Лингвистика стиха: стих и проза |
| b | Автор | Скулачева Т. В. | ||
| 505 | 0_ | a | Форматированное содержание | Стих и проза: о пределах длины стихотворной строки |
| b | Автор | Шапир М. И. | ||
| 505 | 0_ | a | Форматированное содержание | К проблеме становления лирического цикла в русской поэзии |
| b | Автор | Вроон Р. | ||
| 505 | 0_ | a | Форматированное содержание | Лирический текст и историческая семантика образных языков |
| b | Автор | Бройтман С. Н. | ||
| 505 | 0_ | a | Форматированное содержание | Автор и мир героя у М. М. Бахтина, Вяч. Иванова и Фр. Ницше |
| b | Автор | Тамарченко Н. Д. | ||
| 505 | 0_ | a | Форматированное содержание | Нарративные планы: события - история - наррация - дискурс |
| b | Автор | Шмид В. | ||
| 505 | 0_ | a | Форматированное содержание | Роман в письмах как тип художественного текста |
| b | Автор | Рогинская О. О. | ||
| 505 | 0_ | a | Форматированное содержание | Жанр рассказа как тип речевой структуры |
| b | Автор | Кудрина М. В. | ||
| 505 | 0_ | a | Форматированное содержание | Сон персонажа как фрагмент художественного текста: инвариантная структура и разновидности |
| b | Автор | Федункина О. В. | ||
| 505 | 0_ | a | Форматированное содержание | Поэтическая орфография в конце XX века |
| b | Автор | Зубова Л. В. | ||
| 505 | 0_ | a | Форматированное содержание | Языки поэтических школ России как элемент социокультурного и языкового пространства современности (90-е гг. XX века) |
| b | Автор | Северская О. И. | ||
| 505 | 0_ | a | Форматированное содержание | Психологический vs. шизофренический дискурс в прозе XX века |
| b | Автор | Бугаева Л. Д. | ||
| 505 | 0_ | a | Форматированное содержание | Лингвистические основы интертекстуальности |
| b | Автор | Ревзина О. Г. | ||
| 505 | 0_ | a | Форматированное содержание | Пародии и "пароиды" |
| b | Автор | Левин Ю. И. | ||
| 505 | 0_ | a | Форматированное содержание | Особенности лексики и образности "итальянского текста" русской поэзии |
| b | Автор | Гардзонио С. | ||
| 505 | 0_ | a | Форматированное содержание | Конструкции "текст в тексте" и "текст о тексте" в свете теории поэтической авторефлексивности |
| b | Автор | Исрапова Ф. Х. | ||
| 505 | 0_ | a | Форматированное содержание | Метатекстовые элементы и автоцитаты в поэзии А. Межирова |
| b | Автор | Шульская О. В. | ||
| 520 | 0_ | a | Аннотация | В сборнике опубликованы доклады русских и зарубежных ученых, посвященные различным аспектам строения текста (преимущественно художественного), а также многообразным типам межтекстовых взаимодействий, которые определяют широкий диалогический контекст культуры |
| 521 | 0_ | a | Примеч. о целев. назн. | студенты |
| 600 | 14 | a | Персоналии | Бахтин Михаил Михайлович |
| a | Персоналии | Иванов Вячеслав Иванович | ||
| a | Персоналии | Межиров Александр Петрович | ||
| a | Персоналии | Ницше Фридрих | ||
| 650 | 04 | a | Основная рубрика | литературоведение |
| a | Основная рубрика | теория литературы | ||
| a | Основная рубрика | филологические науки | ||
| 653 | 0_ | a | Ключевые слова | XX век |
| a | Ключевые слова | анализ художественного текста | ||
| a | Ключевые слова | героя тема | ||
| a | Ключевые слова | дискурс | ||
| a | Ключевые слова | жанр рассказа | ||
| a | Ключевые слова | идентификация в литературном тексте | ||
| a | Ключевые слова | интертекст | ||
| a | Ключевые слова | концептуализация в литературном тексте | ||
| a | Ключевые слова | лингвистика стиха | ||
| a | Ключевые слова | лирические циклы | ||
| a | Ключевые слова | лирический текст | ||
| a | Ключевые слова | литературный текст | ||
| a | Ключевые слова | метатекст | ||
| a | Ключевые слова | наррация | ||
| a | Ключевые слова | образный язык | ||
| a | Ключевые слова | пародии | ||
| a | Ключевые слова | поэтическая орфография | ||
| a | Ключевые слова | проза | ||
| a | Ключевые слова | речевые структуры | ||
| a | Ключевые слова | роман в письмах | ||
| a | Ключевые слова | русская поэзия | ||
| a | Ключевые слова | стих | ||
| a | Ключевые слова | структура текста | ||
| a | Ключевые слова | текст | ||
| a | Ключевые слова | художественная словесная форма | ||
| a | Ключевые слова | художественный текст | ||
| a | Ключевые слова | язык | ||
| a | Ключевые слова | язык поэзии | ||
| 655 | a | Жанр/ форма (устаревшее) | научное издание | |
| 700 | 12 | a | Автор | Григорьев В. П. |
| e | Роль лиц | редактор | ||
| 700 | 12 | a | Автор | Фатеева Н. А. |
| e | Роль лиц | редактор | ||
| 700 | 12 | a | Автор | Николина Н. А. |
| e | Роль лиц | редактор | ||
| 700 | 12 | a | Автор | Гик А. В. |
| e | Роль лиц | редактор | ||
| 700 | 12 | a | Автор | Тильман Ю. Д. |
| e | Роль лиц | редактор | ||
| 700 | 12 | a | Автор | Шестакова Л. Л. |
| e | Роль лиц | редактор | ||
| 900 | a | Имя электронного ресурса | obl_Tekst_Intertekst | |
| x | Справочная информация | Обложка | ||
| 901 | t | Тип документа | m | |
| 952 | a | Тип литературы для КСУ ВШ | НАУ |